03365cam a22004098i 450000100090000000300090000900500170001800800410003502000180007602000150009404000380010908200190014713000260016624505470019225000200073925000270075926400510078626400100083730000640084733600260091133700280093733800270096549000350099250400510102752013590107865000250243765300240246265500170248670000280250370000340253170000330256577601300259890600450272894200120277399900170278595201530280222684146EG-ScBUE20240228122229.0220706t2023 paua f b 001 0 eng d a9781975170585 a197517058X aDNLM/DLCbengerdacDLCdEG-ScBUE04a615.1bPHA2220 aPharmacology (Whalen)00aPharmacology /c[edited by] Karen L. Whalen, PharmD, BCPS, FAPhA, clinical professor, Department of Pharmacotherapy and Translational Research, College of Pharmacy, University of Florida, Gainesville, Florida ; collaborating editors, Sarah M. Lerchenfeldt, PharmD, BCPS, associate professor, Department of Foundational Medical Studies, William Beaumont School of Medicine, Oakland University, Rochester, Minnesota, Chris R. Giordano, MD, associate professor of anesthesiology, College of Medicine, University of Florida, Gainesville, Florida. aEighth edition. aInternational edition. 1aPhiladelphia :bWolters Kluwer Health,c[2023] 4cc2023 a1 volume (various pagings) :bcolor illustrations ;c30 cm. atextbtxt2rdacontent aunmediatedbn2rdamedia avolumebnc2rdacarrier0 aLippincott illustrated reviews aIncludes bibliographical references and index. a"Students' favorite review resource for studying the essentials of medical pharmacology, LippincottĀ® Illustrated Reviews: Pharmacology, 8th Edition, presents up-to-date drug information in an accessible format ideal for effective review.Part of the popular LippincottĀ® Illustrated Reviews series, this concise resource features clear writing and hundreds of illustrations that break down complex pharmacological information, so it is understandable and accessible. Sequential images present mechanisms of action and focus on showing rather than telling students how drugs work, and review questions with answers deliver powerful, practical exam preparation. NEW! Pharmacogenomics chapter familiarizes students with this topical area of clinical pharmacology. NEW! Clinical Application boxes emphasize the practical application of pharmacology concepts with real-world clinical examples. NEW! Chapter Summaries facilitate quick review for better student comprehension. Updated drug information reflects the most current, clinically relevant pharmacology material. Approachable outline format distills complex information for easier review. High-quality illustrations reinforce understanding in vibrant detail. Enhanced review questions with answers provide valuable self-assessment and prepare students for their Board reviews"--cProvided by publisher. 7aPharmacology.2BUEsh cFebruary2024bPPhrm vReading book1 aWhalen, Karen,eeditor.1 aLerchenfeldt, Sarah,eeditor.1 aGiordano, Chris R.,eeditor.08iOnline version:tPharmacologybEighth edition.dPhiladelphia : Wolters Kluwer Health, [2023]z9781975170561w(DLC) 2022032193 a7bcbccorignewd1eecipf20gy-gencatlg 2ddccBB c30665d30636 00102ddc40708AlahramaMAINbMAINc1STd2024-02-28ePurchaseg2499.00h180l0o615.1 PHAp000057011r2025-07-15 00:00:00v3123.75w2024-02-28yBB